Statistics for COD Zombies Perks By Jingles

Click here to take the quiz!

General Stats

  • This quiz has been taken 288 times
  • The average score is 11 of 15

Answer Stats

jingleperk% Correct
Rest in Pieces, down for the count. No revival, you're bleeding out.Tombstone
93%
Your hands are slow, your movements sluggish.Speed Cola
90%
Cowboys can't shoot slow, or they'll end up dead.Double Tap
87%
Night-time scene, (PHD)PHD Flopper
87%
When you need some extra runnin, when you need some extra time.Stamin-Up
86%
Whenever something be dragging you down.Quick Revive
81%
He was EL BurroMule Kick
79%
When you need something to help get you by.JuggerNog
78%
I was talking to myself just the other day, and one thing I said really blew my minddd.Who's Who
73%
And your spouse is kinda dead.Widows Wine
72%
Ding, Ding, Ding, DingElectric Cherry
67%
Punch your fists into the air, and raise a rebel yell! There's lots of baddys out there, you need to send to hell.Pack A Punch
67%
So many elements for you to consider.Elemental Pop
61%
I was looking for redemption I was looking for a sign.Vulture Aid
59%
To error is human, and to forgive is divine.Deadshot Daiquiri
51%

Score Distribution

Percentile by Number Answered

Percent of People with Each Score

Your Score History

You have not taken this quiz